000 00674nam a2200217Ia 4500
003 GCL
008 140319s9999 xx 000 0 ara d
040 _aGCL /
_cGCL
082 0 4 _a921.1
_bع ا
100 1 _aعبدالرؤوف مخلوف
245 1 0 _aابورشيقة القيروانى /
_cعبدالرؤوف مخلوف
260 _a[S.N] :
_bدار المعارف ،
_c1983
300 _a119 ص
490 _aنوابغ الفكر العربى
_v0
650 0 4 _aالتراجم الادبية
650 0 4 _aالتراجم
650 0 4 _aالادباء
650 0 4 _aالفلاسفة العرب
650 0 4 _aابورشيق القيروانى
942 _2ddc
_cBK
999 _c28450
_d28450